000
00334nam a2200169Ia 4500
100
_a
Gadkari/Prasad
650
_a
E marketing
942
_c
BK
366
_f
20
654
_a
e-marketing
245
_a
E-marketing for beginners
260
_b
Shroff
_c
2013
082
_b
GAD
300
_a
147
546
_a
ENGLISH
999
_c
31491
_d
31491